00988 2200349 4500001002100000005001500021035002000036007000300056008004100059040001700100100002200117245007900139250001000218300003000228504002400258020002200282041000800304082001000312084001600322090002200338260003400360500002700394630003300421700002700454850001000481990002500491990002500516990002500541990002500566990002500591990002200616INLIS00000000000239820260602100131 a0010-0220000249ta260602 0  aSBPUPADbind0 aDenik Ristya Rini1 aTujuh Belas Kreasi Rajut Hati /cDenik Ristya Rini, Editor: Berliyandy T.R aCet.1 a62 hlm. :bilus. ;c21 Cm aBibliografi, hlm 63 a978-602-1656-76-1 aind a746.4 a746.4 DEN t a746.4 DEN T 23-10 aSurabaya :bTiara Aksa,c2016 aProfil Penulis, hlm 62 aMenggambar dan Seni Dekorasi aEditor: Berliyandy T.R aPUPAD a30.941/APBD/DPK/2019 a30.939/APBD/DPK/2019 a30.940/APBD/DPK/2019 a29.942/APBD/DPK/2019 a30.942/DPK/APBD/2019 a29.941/B/DPK/2018